000 00421nam a2200157 i 4500
001 23606
003 ES-MaACL
005 20230906152913.0
007 t|
008 021211s1967 sp ||||1| spa d
100 1 _aAncel, Alfred.
_9148331
245 1 3 _aEl sentido del pobre /
_cAlfred Ancel.
260 _a[Bilbao] :
_bDesclée de Brouwer,
_c1967.
300 _a184 p. ;
_c15 cm.
852 _aES-MaACL
_jC-32014
_bR.62594
999 _c23606
_d23606